| 000 | 01314nam a22002057a 4500 | ||
|---|---|---|---|
| 003 | IT-MiCISF | ||
| 005 | 20240718123245.0 | ||
| 008 | 190410b ||||| |||| 00| 0 eng d | ||
| 040 | _cIT-MiCISF | ||
| 041 | _ait | ||
| 100 |
_aSvanera Oliviero _957790 |
||
| 245 |
_aAmarsi da Dio. _bStorie d'amore bibliche e contemporanee |
||
| 260 |
_aPadova, _bEdizioni Messaggero, _c2018 |
||
| 300 | _app. 197 | ||
| 500 | _apastorale-familiare, bibbia, spiritualità-coniugale | ||
| 520 | _aUn invito a entrare nel mondo biblico, popolato di famiglie, di storie d'amore e di crisi familiari e a lasciarsi conquistare dal fascino di queste narrazioni. L'autore si focalizza su sette coppie bibliche, ne scruta e osserva le dinamiche di relazione e interpella il lettore sul suo desiderio di amare ed essere amato. I riferimenti biblici sono arricchiti da continui rimandi alla vita di san Francesco e dall'esperienza concreta di sette coppie di oggi, giovani e meno giovani del ventunesimo secolo, che narrano la loro vicenda coniugale. Le sette coppie bibliche oggetto di lettura: 1. Adamo ed Eva 2. Shelomoh e Shûlammît 3. Abisag e Davide 4. Gomer e Osea 5. Gesù e la donna samaritana 6. Gesù, Marta e Maria 7. Maria e Giuseppe. | ||
| 650 |
_apastorale-familiare _956039 |
||
| 654 | _asussidio | ||
| 942 |
_2ddc _cBK |
||
| 999 |
_c358236 _d358236 |
||